000 01065nam a2200265Ia 4500
001 ebr2001993
003 CaPaEBR
006 m u
007 cr cn|||||||||
008 010605r20011690onc s 000 0 eng d
040 _aCaPaEBR
_cCaPaEBR
035 _a(OCoLC)70724355
050 1 4 _aB1290
_b2001eb
100 1 _aLocke, John,
_d1632-1704.
245 1 3 _aAn Essay concerning human understanding
_h[electronic resource] /
_cJohn Locke.
260 _aKitchener, Ont. :
_bBatoche,
_c2001.
300 _a604 p.
500 _aReprint. Originally published : London : Printed for Thomas Basset, 1690.
533 _aElectronic reproduction.
_bPalo Alto, Calif. :
_cebrary,
_d2009.
_nAvailable via World Wide Web.
_nAccess may be limited to ebrary affiliated libraries.
650 0 _aPhilosophy, English
_y18th century.
650 0 _aKnowledge, Theory of.
655 7 _aElectronic books.
_2local
710 2 _aebrary, Inc.
856 4 0 _uhttp://site.ebrary.com/lib/rucke/Doc?id=2001993
_zAn electronic book accessible through the World Wide Web; click to view
999 _c229666
_d229666